1654 1243 1447 1932 1354 1614 1966 1458 1216 1259 1904 1970 1219 1732 1081 1327 1407 1020 1599 1160 1520 1619 1900 1462 1922 1755 1612 1764 1832 1042 1558 1648 1941 1819 1621 1493 1754 1626 1188 1769 1809 1936 1246 1251 1195 1991 1664 1718 1308 1144 1517 1069 1750 1923 1783 1048 1214 1011 1684 1539 1557 1633 1168 1826 1889 1406 1607 1675 1170 1295 1288 1545 1328 1964 1820 1892 1031 1599 1875 1677 1394 1168 1558 1358 1441 1683 1998 1232 1785 1338 1697 1983 1755 1929 1004 1393 1688 1400 1404 BCNSPRNW ULIB Ver.6.0+V

เปลี่ยนเป็นภาษาไทย

Change to English
 แสดงรายละเอียดบรรณานุกรม
  กลับหน้าหลัก

Brief Record : Get Marc (ISO 2709) : E-mail record : QR code < ปิดหน้าต่าง
LEADER : 00000nam 2200000uu 4500
001    13399108362
003     ULIB
008    110301s2552||||th 000 0 tha d
020    9786165510585
060 04 QV38^bอ262ย 2552
100 0  อภิฤดี เหมะจุฑา
245 10 ยาที่มีความเสี่ยงสูง /^cอภิฤดี เหมะจุฑา
250    พิมพ์ครั้งที่ 1
260    กรุงเทพฯ :^bคณะเภสัชศาสตร์ จุฬาลงกรณ์มหาวิทยาลัย,^c2552
300    (6), 300 หน้า :^bภาพประกอบ ;^c21 ซม.
650  7 การใช้ยา
650  7 ยา
650  7 ยา^xความเสี่ยง
945    ^p259^l0^i028825
945    ^p259^l0^i028823
945    ^p259^l0^i028824
995    ทศพร
999 ^a ใช้งานได้ทุกระบบ
รายการนี้ยังไม่มีแท็ก
คุณยังไม่ได้ล็อกอิน คุณสามารถมีกิจกรรมร่วมกับเว็บไซต์ได้ แต่ต้องล็อกอินก่อน ::
  ล็อกอิน

รายการสื่อสารสนเทศ

ลำดับที่ ประเภท เลขเรียก/บาร์โค้ด สถานที่ สถานะ
- ไม่พบข้อมูล -

รายการใกล้เคียง
    ผู้แต่ง [อภิฤดี เหมะจุฑา]

    หัวเรื่อง [การใช้ยา]
    หัวเรื่อง [ยา]

BibComment


ยังไม่เคยถูกคอมเมนท์

คอมเมนท์ทรัพยากรรายการนี้
  คอมเมนท์: ยาที่มีความเสี่ยง..


 Copyright 2026. Bcnsprnw @Library